Statistics for Pairs #33 (Film Edition)

Click here to take the quiz!

General Stats

  • This quiz has been taken 29 times
  • The average score is 17 of 25

Answer Stats

HintAnswer% Correct
AngelsDemons
96%
TarzanJane
96%
CinderellaPrince Charming
96%
Beautythe Beast
96%
Four Weddingsa Funeral
88%
An Officera Gentleman
88%
DazedConfused
88%
SecretsLies
88%
LancelotGuinevere
85%
Indiana Jonesthe Dial of Destiny
81%
BatmanMr. Freeze
77%
ClearPresent Danger
77%
WayneGarth
69%
HaroldMaude
69%
GodsMonsters
65%
Pat GarrettBilly the Kid
62%
MarlinDory
58%
NeoTrinity
54%
DannySandy
42%
BradJanet
38%
Green HornetKato
38%
Eddiethe Cruisers
31%
RickIlsa
27%
EnnisJack
27%
KennyCompany
19%

Score Distribution

Percentile by Number Answered

Percent of People with Each Score

Your Score History

You have not taken this quiz